000 01078nam a22002655a 4500
005 20150626101425.0
008 111015s2007 ck ao gr 000 0dspa d
040 _aCO-BoBLA
_cCO-BoBLA
_dCO-BoIAVH
041 0 _aspa
044 _ack
082 0 4 _a333.7932
_bI74t
110 2 _aISAGEN
_910677
245 1 0 _aTestimonios de esperanza :
_bprograma de inversión social /
_cIsagen ; Verónica Echeverry Alvarán.
260 _aMedellín :
_bManos Amigas. Formando Comunidad :
_bIsagen,
_c2007.
300 _a143 p. :
_bil., fot., col. ;
_c29 cm.
505 _aContexto del PIS. Oriente Antioqueño. Magdalena Caldense- Oriente de Caldas. Magdalena Medio.
610 2 4 _aIsagen
_x Inversiones
_934931
650 _aResponsabilidad social de los negocios
_z Colombia
_934932
650 4 _aEmpresas eléctricas
_x Aspectos sociales
_z Colombia
_934933
650 4 _aPoblación Rural
_xNivel de Vida
_yColombia
_934934
650 4 _aPoblación Rural
_xRelatos
_yColombia
_934935
700 1 _aEcheverry Alvarán, Verónica.
_934936
942 _2ddc
_cLIBRO
949 _an
_bn
999 _c17488
_d17488